000 00801nam a2200253Ia 4500
003 OSt
005 20220918170453.0
006 a|||||r|||| 00| 0
007 ta
008 220917b |||||||| |||| 00| 0 eng d
020 _a9780231159876 (hbk)
_c1750
024 _a281,451
037 _bCBS/25, 24/07/2014, Classic Book Service
_cTextual
040 _aARTS
_cARTS
_beng
041 _2eng
_aeng
082 _aQ4.4, Q4.1
100 _aSen Tansen Ed.
_929251
245 0 _aBuddhism across Asia
_b Networks of material intellectual and cultural exchange
260 _aSingapore
_bISEAS Publishing
_c2014
300 _axxx,483p.
_ccm.
650 _aRELIGION
942 _hQ4.4, Q4.1
_cTEXL
_2CC
999 _c134306
_d134306